LEADER 01241nam a2200265 a 4500 001 000000158754 003 CaOOAMICUS 005 20170210090230.0 008 170210s1954 it m 001 u ita r 032 $aLibriCat 040 $aPUL$bita 100 1 $aPoliseno, Luigi M.,$cO.Carm.$0(OLS)http://pul/name/101416 245 12$aI Carmelitani e la certezza della grazia nel Concilio Tridentino /$cauctore P. Aloysio M. Poliseno, O.Carm. 260 $aRoma :$bPontificia Università Gregoriana,$c1954. 300 $a52 p. ;$c24 cm. 502 $aEstratto da tesi -- Pontificia Universitas Gregoriana. Facultas theologica. 1953. 504 $aBibliografia in nota. 610 24$aCarmelitani.$0(OLS)http://pul/subject/7906 710 2 $aPontificia Università Gregoriana.$bFacoltà di teologia.$kTesi.$0(OLS)http://pul/name/81592 850 $aPUL 852 $aPUL$W1$xDP1 Tesi Pon. Univ. Gregoriana$y40$mTH PUG 717$j182066$qTesi$B185248$CPULBib$Z2$F185248 $H17677 $82 941 1 $a16 996 $6245$aI Carmelitani e la certezza della grazia nel Concilio Tridentino$9(OLS)http://pul/title/198364 996 $6260$aRoma :$bPontificia Università Gregoriana$9(OLS)http://pul/publisher/47853 LEADER 01406nam a2200277 a 4500 001 000000144355 003 CaOOAMICUS 005 20150625103445.0 008 150625s1977 it af u000 u ita r 040 $aPUL$bita 130 0 $aBhagavad-G?it?a.$lItaliano.$0(OLS)http://pul/title/165518 245 13$aLa Bhagavad-Gita così com'è /$ctraduzione letteraria e spiegazione sua divina grazia A.C. Bhaktivedanta Swami Prabhupada, fondatore acarya dell'Associazione Internazionale per la Coscienza di Krishna. 260 $a[S.l.] :$bBhaktivedanta Book Trust ,$c1977. 300 $axxxix, 415 p., [12] c. di tav. :$bill. ;$c22 cm 650 4$aInduismo$xLibri sacri.$0(OLS)http://pul/subject/18108 700 0 $aA. C. Bhaktivedanta Swami Prabhup?da,$d1896-1977.$0(OLS)http://pul/name/47164 850 $aPUL 852 $aPUL$W1$xDP1 Fondo S. Lanza$y121$m3 F 11$j166549$a2. rist.$qFondi$B167152$CPULBib$Z2$F167152 $HLan881 $82 900 $aSwami, A. C. Bhaktivedanta,$b1896-1977$947164 900 $aBhaktivedanta Swami, A. C.$b1896-1977$947164 900 $aPrabhupa?da, A. C. Bhaktivedanta Swami,$b1896-1977?$947164 941 1 $a1 961 $aDedica a Don Sergio da parte di Concettina. 996 $6245$aLa Bhagavad-Gita così com'è$9(OLS)http://pul/title/182640 996 $6260$a[S.l.] :$bBhaktivedanta Book Trust $9(OLS)http://pul/publisher/83518